000 00333 a2200145 4500
001 148709
040 _cEscola São Tomás de Aquino
100 _aQUEIRÓS, Bartolomeu Campos
240 1 0 _aOs cinco sentidos
_lpor
245 1 0 _aOs cinco sentidos
300 _a16
362 0 _a1999
697 _a*LITERATURA INFANTO
942 _cBK
999 _c148709
_d148709